Photoelectric cells ; their properties, use, and applications /

Bibliographic Details
Main Author: Campbell, Norman Robert, 1880-1949
Other Authors: Ritchie, Dorothy
Format: Book
Language:English
Published: London, New York : Pitman, 1934.
Edition:3d ed.
Subjects:

MARC

Tag First Indicator Second Indicator Subfields
LEADER 00000cam a2200000 4500
001 in00000039808
005 20151007064558.0
008 760716s1934 enk b 00110 engm
010 |a  31025037  
035 |a (OCoLC)02315395 
035 |9 AAE0149AM 
040 |a DLC  |c GAT  |d GAT  |d TXA  |d UtOrBLW 
049 |a TXAM  |c [54694] 
050 0 0 |a QC715  |b .C3 1930 
082 0 |a 537.53 
092 |a 537.53  |b C189p3 
100 1 |a Campbell, Norman Robert,  |d 1880-1949. 
245 1 0 |a Photoelectric cells ;  |b their properties, use, and applications /  |c by Norman Robert Campbell and Dorothy Ritchie. 
250 |a 3d ed. 
264 1 |a London,  |a New York :  |b Pitman,  |c 1934. 
300 |a vii, 223 pages :  |b diagrams ;  |c 22 cm. 
336 |a text  |b txt  |2 rdacontent 
337 |a unmediated  |b n  |2 rdamedia 
338 |a volume  |b nc  |2 rdacarrier 
504 |a "References" at end of each chapter. 
650 0 |a Photoelectric cells. 
700 1 |a Ritchie, Dorothy. 
999 |a MARS 
999 f f |s b98f54ed-7c59-33d7-9ac2-92bf095c9f60  |i 25d6f0d4-5daf-30b3-8438-8d3c365b90ed  |t 0 
952 f f |p normal  |a Texas A&M University  |b College Station  |c Sterling C. Evans Library  |d Evans: Library Stacks  |t 0  |e QC715 .C3 1930  |h Library of Congress classification  |i unmediated -- volume  |m A14800923904 
998 f f |a QC715 .C3 1930  |t 0  |l Evans: Library Stacks